[Event "Online Olym KO Stage 2020"]
[Site "chess.com INT"]
[Date "2020.08.27"]
[Round "1.22"]
[Board "1"]
[White "Wagner, Dennis"]
[Black "Erdos, Viktor"]
[Result "1-0"]
[WhiteTitle "GM"]
[BlackTitle "GM"]
[WhiteElo "2581"]
[BlackElo "2618"]
[WhiteTeam "Germany"]
[BlackTeam "Hungary"]
[WhiteFideId "24650684"]
[BlackFideId "719978"]
[EventDate "2020.08.27"]
[EventType "team"]

1. d4 d5 2. c4 c6 3. Nf3 Nf6 4. Nc3 a6 5. Qc2 dxc4 6. e4 b5 7. b3 cxb3 8. axb3
e6 9. Bd3 Bb7 10. O-O Nbd7 11. e5 Nd5 12. Nxd5 cxd5 13. Bxh7 Rc8 14. Qb1 Nb8 15.
Bg5 Be7 16. Bxe7 Qxe7 17. Bd3 Nc6 18. Rd1 Kd7 19. Qb2 f5 20. exf6 Qxf6 21. Re1
g5 22. Ne5+ Nxe5 23. Rxe5 Qh6 24. h3 g4 25. Rae1 Rc6 26. Qe2 gxh3 27. g3 h2+ 28.
Kh1 Rc1 29. f4 Rxe1+ 30. Qxe1 Bc8 31. f5 exf5 32. Bxf5+ Kc7 33. Re7+ Kb8 34.
Qe5+ Ka8 35. Qxd5+ Kb8 36. Qe5+ Ka8 37. Be4+ Bb7 38. Bxb7+ Ka7 39. Be4+ Kb6 40.
Qc7# 1-0

[Event "Online Olym KO Stage 2020"]
[Site "chess.com INT"]
[Date "2020.08.27"]
[Round "1.22"]
[Board "2"]
[White "Banusz, Tamas"]
[Black "Fridman, Daniel"]
[Result "1/2-1/2"]
[WhiteTitle "GM"]
[BlackTitle "GM"]
[WhiteElo "2628"]
[BlackElo "2615"]
[WhiteTeam "Hungary"]
[BlackTeam "Germany"]
[WhiteFideId "722413"]
[BlackFideId "11600454"]
[EventDate "2020.08.27"]
[EventType "team"]

1. d4 d5 2. Nf3 Nf6 3. g3 e6 4. Bg2 Be7 5. c4 O-O 6. O-O dxc4 7. Ne5 Nc6 8. Bxc6
bxc6 9. Nxc6 Qe8 10. Nxe7+ Qxe7 11. b3 Rd8 12. bxc4 Qd7 13. Bb2 c5 14. d5 Ba6
15. Bxf6 gxf6 16. Nc3 Bxc4 17. dxe6 Qxe6 18. Qc2 Rd4 19. Rfd1 Rad8 20. e3 Bd3
21. Qb3 Bc4 22. Qc2 Rxd1+ 23. Rxd1 Rxd1+ 24. Qxd1 Bxa2 25. Nxa2 Qxa2 26. Qg4+
Kf8 27. Qc8+ Kg7 28. Qg4+ Kf8 29. Qc8+ Kg7 30. Qg4+ Kf8 1/2-1/2

[Event "Online Olym KO Stage 2020"]
[Site "chess.com INT"]
[Date "2020.08.27"]
[Round "1.22"]
[Board "3"]
[White "Paehtz, Elisabeth"]
[Black "Hoang, Thanh Trang"]
[Result "1-0"]
[WhiteTitle "IM"]
[BlackTitle "GM"]
[WhiteElo "2473"]
[BlackElo "2407"]
[WhiteTeam "Germany"]
[BlackTeam "Hungary"]
[WhiteFideId "4641833"]
[BlackFideId "12400149"]
[EventDate "2020.08.27"]
[EventType "team"]

1. d4 f5 2. Nf3 Nf6 3. g3 g6 4. Bg2 Bg7 5. O-O O-O 6. c4 d6 7. Nc3 c6 8. Re1 Na6
9. b3 Bd7 10. Bb2 Ne4 11. Qc2 d5 12. a3 Rc8 13. Qd3 Nc7 14. Rad1 Ne8 15. Ne5 Be6
16. Qc2 N8f6 17. f3 Nxc3 18. Bxc3 Nd7 19. Nxd7 Qxd7 20. c5 f4 21. g4 Bf7 22. Qd2
g5 23. e3 Bg6 24. Qe2 Rce8 25. e4 e5 26. dxe5 Bxe5 27. Bxe5 Rxe5 28. Qf2 Rfe8
29. exd5 Rxe1+ 30. Rxe1 Rxe1+ 31. Qxe1 cxd5 32. Bf1 d4 33. Bc4+ Kf8 34. Qe5 d3
35. Qh8+ Ke7 36. Qe5+ Kf8 37. Qh8+ Ke7 38. Qg7+ Ke8 39. Qxd7+ Kxd7 40. Kf2 Kc6
41. b4 b6 42. cxb6 axb6 43. a4 Kd6 44. Ke1 Ke5 45. Kd2 Kd4 46. Bb5 h5 47. h3
hxg4 48. hxg4 Bh7 49. a5 bxa5 50. bxa5 Bg8 51. Bxd3 Bd5 52. Be4 Bc4 53. Bb7 Kc5
54. Kc3 Be2 55. a6 Kb6 56. Kd4 Bxf3 57. Bxf3 Kxa6 58. Ke5 Kb6 59. Kf5 Kc5 60.
Kxg5 1-0

[Event "Online Olym KO Stage 2020"]
[Site "chess.com INT"]
[Date "2020.08.27"]
[Round "1.22"]
[Board "4"]
[White "Papp, Petra"]
[Black "Schulze, Lara"]
[Result "1-0"]
[WhiteTitle "WGM"]
[BlackTitle "FM"]
[WhiteElo "2338"]
[BlackElo "2314"]
[WhiteTeam "Hungary"]
[BlackTeam "Germany"]
[WhiteFideId "739049"]
[BlackFideId "12956830"]
[EventDate "2020.08.27"]
[EventType "team"]

1. e4 c5 2. Nf3 d6 3. d4 Nf6 4. Nc3 cxd4 5. Nxd4 Nc6 6. Bg5 e6 7. Qd2 a6 8.
O-O-O Bd7 9. f4 Be7 10. Nf3 b5 11. Bxf6 gxf6 12. f5 Qb6 13. Qh6 O-O-O 14. Qh5
Rhf8 15. Kb1 Kb8 16. Bd3 Ne5 17. Rhe1 b4 18. Ne2 a5 19. Nf4 Rde8 20. Qh3 Bd8 21.
Bf1 Nxf3 22. Qxf3 Qc5 23. g4 a4 24. Qd3 Bc7 25. Nh5 Bc6 26. Nxf6 Rc8 27. Qd4 Qa5
28. Nxh7 Rh8 29. Ng5 Rxh2 30. Nxf7 e5 31. Qd3 Be8 32. Ng5 a3 33. b3 Qc5 34. Ne6
Qc6 35. g5 Bb6 36. Re2 Rxe2 37. Bxe2 Bf7 38. Qxd6+ Kb7 39. Qxc6+ Kxc6 40. Bc4
Rg8 41. g6 Bxe6 42. Bxe6 Rg7 43. Bf7 Bc5 44. f6 Rxf7 45. gxf7 Bf8 46. Rd8 1-0

[Event "Online Olym KO Stage 2020"]
[Site "chess.com INT"]
[Date "2020.08.27"]
[Round "1.22"]
[Board "5"]
[White "Vogel, Roven"]
[Black "Kozak, Adam"]
[Result "0-1"]
[WhiteTitle "IM"]
[BlackTitle "GM"]
[WhiteElo "2456"]
[BlackElo "2503"]
[WhiteTeam "Germany"]
[BlackTeam "Hungary"]
[WhiteFideId "12908088"]
[BlackFideId "753246"]
[EventDate "2020.08.27"]
[EventType "team"]

1. d4 Nf6 2. c4 e6 3. Nf3 b6 4. Bf4 Bb7 5. e3 Be7 6. Nc3 Nh5 7. Bg3 d6 8. Bd3
Nd7 9. O-O Nxg3 10. hxg3 O-O 11. Be4 c6 12. Qe2 a6 13. Rfd1 Nf6 14. Bc2 c5 15.
d5 exd5 16. Nxd5 Nxd5 17. cxd5 b5 18. a4 Qb6 19. b3 Bf6 20. Ra2 Rab8 21. g4 g6
22. g5 Bg7 23. Nh2 Rfe8 24. Ng4 Qd8 25. f4 Bc8 26. e4 Bxg4 27. Qxg4 c4 28. b4 a5
29. Rb1 axb4 30. Rxb4 Qa5 31. Rb1 b4 32. Bd1 Rxe4 33. Bf3 Ree8 34. Rc2 Qc5+ 35.
Kh2 b3 36. Rcc1 c3 37. Qd7 Red8 38. Rxb3 Rxd7 39. Rxb8+ Bf8 40. Re1 f5 41. Ree8
Rf7 42. Rec8 c2 43. Rxc5 dxc5 44. d6 c1=Q 0-1

[Event "Online Olym KO Stage 2020"]
[Site "chess.com INT"]
[Date "2020.08.27"]
[Round "1.22"]
[Board "6"]
[White "Gaal, Zsoka"]
[Black "Muetsch, Annmarie"]
[Result "0-1"]
[WhiteTitle "WFM"]
[BlackTitle "WIM"]
[WhiteElo "2221"]
[BlackElo "2219"]
[WhiteTeam "Hungary"]
[BlackTeam "Germany"]
[WhiteFideId "777765"]
[BlackFideId "12971367"]
[EventDate "2020.08.27"]
[EventType "team"]

1. Nf3 Nf6 2. c4 g6 3. Nc3 Bg7 4. e4 d6 5. d4 O-O 6. h3 Na6 7. Be3 e5 8. d5 Nc5
9. Nd2 a5 10. g4 Bd7 11. Be2 a4 12. g5 Ne8 13. h4 c6 14. h5 Nc7 15. hxg6 fxg6
16. Nf3 cxd5 17. cxd5 N7a6 18. Qd2 Qa5 19. Kf1 a3 20. Kg2 axb2 21. Qxb2 Nb4 22.
Bxc5 Qxc5 23. a3 Na6 24. Rhc1 Qa5 25. Nd2 Qd8 26. Nf3 Bg4 27. Qd2 Rf4 28. Rg1
Bxf3+ 29. Bxf3 Qxg5+ 30. Kf1 Qf6 31. Bg2 Nc5 32. Qe3 Nb3 33. Rb1 Nd4 34. Ne2
Rxa3 35. Qxa3 Rxf2+ 36. Ke1 Nc2+ 37. Kd2 Nxa3 38. Rbf1 Bh6+ 0-1

[Event "Online Olym KO Stage 2020"]
[Site "chess.com INT"]
[Date "2020.08.27"]
[Round "1.23"]
[Board "1"]
[White "Banusz, Tamas"]
[Black "Wagner, Dennis"]
[Result "1-0"]
[WhiteTitle "GM"]
[BlackTitle "GM"]
[WhiteElo "2628"]
[BlackElo "2581"]
[WhiteTeam "Hungary"]
[BlackTeam "Germany"]
[WhiteFideId "722413"]
[BlackFideId "24650684"]
[EventDate "2020.08.27"]
[EventType "team"]

1. d4 Nf6 2. Nf3 g6 3. g3 Bg7 4. Bg2 d5 5. c4 c6 6. cxd5 cxd5 7. Nc3 O-O 8. Ne5
Bf5 9. O-O Ne4 10. Qb3 Nc6 11. Nxc6 bxc6 12. Nxe4 dxe4 13. Be3 Qd5 14. Qc2 a5
15. Rfd1 a4 16. a3 Rfb8 17. Rac1 Rb6 18. Rd2 h5 19. h3 Bf6 20. g4 hxg4 21. hxg4
Bxg4 22. Qxe4 Qh5 23. d5 Rxb2 24. dxc6 Rxd2 25. Bxd2 Kg7 26. Bf4 Rh8 27. c7 Bh3
28. Bg3 Bxg2 29. Qxg2 Qf5 30. Qc6 Rc8 31. Qxa4 Be5 32. Qb5 f6 33. Bxe5 fxe5 34.
Rc3 Qg5+ 35. Rg3 Qc1+ 36. Kg2 Rh8 37. Qxe5+ Kf7 38. Qf4+ Kg7 39. Qe5+ 1-0

[Event "Online Olym KO Stage 2020"]
[Site "chess.com INT"]
[Date "2020.08.27"]
[Round "1.31"]
[Board "1"]
[White "Mastrovasilis, Dimitrios"]
[Black "Aronian, Levon"]
[Result "0-1"]
[WhiteTitle "GM"]
[BlackTitle "GM"]
[WhiteElo "2604"]
[BlackElo "2773"]
[WhiteTeam "Greece"]
[BlackTeam "Armenia"]
[WhiteFideId "4202694"]
[BlackFideId "13300474"]
[EventDate "2020.08.27"]
[EventType "team"]

1. e4 e5 2. Nf3 Nc6 3. Nc3 Nf6 4. d4 exd4 5. Nxd4 Bb4 6. Nxc6 bxc6 7. Bd3 O-O 8.
O-O d5 9. exd5 cxd5 10. h3 Rb8 11. Qf3 Be6 12. Ne2 Bd6 13. Nd4 Rb6 14. Nxe6 fxe6
15. c4 c6 16. Qe2 e5 17. Be3 Rb7 18. Rad1 e4 19. Bb1 Bb8 20. cxd5 cxd5 21. Rd2
h5 22. Bg5 Qd6 23. g3 Qe5 24. h4 Ng4 25. f4 exf3 26. Rxf3 Rxf3 27. Qxf3 Rf7 28.
Bh7+ Kf8 29. Bf4 Qe1+ 30. Kg2 Rxf4 31. Qa3+ Kf7 0-1

[Event "Online Olym KO Stage 2020"]
[Site "chess.com INT"]
[Date "2020.08.27"]
[Round "1.31"]
[Board "2"]
[White "Sargissian, Gabriel"]
[Black "Halkias, Stelios"]
[Result "1-0"]
[WhiteTitle "GM"]
[BlackTitle "GM"]
[WhiteElo "2682"]
[BlackElo "2563"]
[WhiteTeam "Armenia"]
[BlackTeam "Greece"]
[WhiteFideId "13300881"]
[BlackFideId "4201809"]
[EventDate "2020.08.27"]
[EventType "team"]

1. d4 d5 2. c4 dxc4 3. e3 Nf6 4. Bxc4 e6 5. Nf3 a6 6. O-O c5 7. dxc5 Qxd1 8.
Rxd1 Bxc5 9. b3 b5 10. Be2 Bb7 11. Bb2 Nbd7 12. a4 bxa4 13. Rxa4 Ke7 14. Nbd2
Nb6 15. Raa1 Nbd7 16. Ne1 Bb4 17. Nd3 a5 18. Nc4 Bd5 19. Nxb4 axb4 20. f3 Rxa1
21. Rxa1 Ra8 22. Rxa8 Bxa8 23. e4 Nc5 24. Na5 Ne8 25. Bd4 Nd7 26. Nc4 f5 27.
exf5 exf5 28. Kf2 Nef6 29. Ke3 g6 30. Kd2 Nd5 31. Nb2 Nf4 32. Bf1 Bd5 33. Kc2
Ne6 34. Be3 Ne5 35. Nc4 Kf6 36. h4 f4 37. Bb6 Nc6 38. Nd2 Ned4+ 39. Kb2 Nf5 40.
Bb5 Nxh4 41. Bxc6 Bxc6 42. Bd8+ Kf5 43. Bxh4 g5 44. Be1 g4 45. Kc2 h5 46. Bh4
Bd5 47. Kd3 g3 48. Ke2 Bc6 49. Be7 Bb5+ 50. Ke1 Ke5 51. Bxb4 h4 52. Be7 h3 53.
gxh3 Kd4 54. Bd6 Ke3 55. Bc5+ Kd3 56. h4 Be8 57. b4 g2 58. Ne4 Bc6 59. Ng5 1-0

[Event "Online Olym KO Stage 2020"]
[Site "chess.com INT"]
[Date "2020.08.27"]
[Round "1.31"]
[Board "3"]
[White "Tsolakidou, Stavroula"]
[Black "Danielian, Elina"]
[Result "1-0"]
[WhiteTitle "IM"]
[BlackTitle "GM"]
[WhiteElo "2391"]
[BlackElo "2407"]
[WhiteTeam "Greece"]
[BlackTeam "Armenia"]
[WhiteFideId "4264312"]
[BlackFideId "13300210"]
[EventDate "2020.08.27"]
[EventType "team"]

1. d4 Nf6 2. c4 e6 3. g3 c5 4. d5 exd5 5. cxd5 d6 6. Nc3 g6 7. Bg2 Bg7 8. Nf3
O-O 9. O-O a6 10. a4 Re8 11. Re1 h6 12. a5 Nbd7 13. Bf4 Nf8 14. e4 Bg4 15. Qb3
Bxf3 16. Bxf3 Qc7 17. Qb6 Qxb6 18. axb6 Rad8 19. e5 dxe5 20. Bxe5 Rxe5 21. Rxe5
N8d7 22. Re2 Nxb6 23. d6 Rxd6 24. Bxb7 Nc4 25. Rxa6 Rd8 26. Ra8 Rxa8 27. Bxa8
Ng4 28. h3 Nge5 29. Na4 Nd3 30. b3 Na5 31. Rd2 Nc1 32. Rd8+ Kh7 33. Nxc5 Naxb3
34. Nxb3 Nxb3 35. Bd5 Nc5 36. Bxf7 Bf6 37. Rc8 Bd4 38. Rc7 Kg7 39. Be8+ Kf6 40.
Rc6+ Kg7 41. Bxg6 1-0

[Event "Online Olym KO Stage 2020"]
[Site "chess.com INT"]
[Date "2020.08.27"]
[Round "1.31"]
[Board "4"]
[White "Mkrtchian, Lilit"]
[Black "Botsari, Anna-Maria"]
[Result "1-0"]
[WhiteTitle "IM"]
[BlackTitle "WGM"]
[WhiteElo "2388"]
[BlackElo "2222"]
[WhiteTeam "Armenia"]
[BlackTeam "Greece"]
[WhiteFideId "13300601"]
[BlackFideId "4200446"]
[EventDate "2020.08.27"]
[EventType "team"]

1. e4 c5 2. Nf3 e6 3. d4 cxd4 4. Nxd4 Nc6 5. Nc3 Qc7 6. Be3 a6 7. a3 b5 8. Nxc6
Qxc6 9. Be2 Bb7 10. O-O Nf6 11. Bf3 e5 12. Nd5 Nxd5 13. exd5 Qf6 14. a4 b4 15.
c4 Rc8 16. Rc1 Bc5 17. Bxc5 Rxc5 18. a5 Qd8 19. Qe1 d6 20. Qxb4 Qc7 21. Qa4+ Ke7
22. Be2 Qxa5 23. Qb3 Qc7 24. Qg3 Bxd5 25. cxd5 g6 26. b4 Rxc1 27. Qg5+ f6 28.
Rxc1 Qb7 29. Qd2 Rb8 30. g3 Qxb4 31. Qh6 Rb7 32. Qxh7+ Kd8 33. Qg8+ Kd7 34. Qe6+
Kd8 35. Rc8# 1-0

[Event "Online Olym KO Stage 2020"]
[Site "chess.com INT"]
[Date "2020.08.27"]
[Round "1.31"]
[Board "5"]
[White "Theodorou, Nikolas"]
[Black "Martirosyan, Haik M."]
[Result "1/2-1/2"]
[WhiteTitle "IM"]
[BlackTitle "GM"]
[WhiteElo "2554"]
[BlackElo "2622"]
[WhiteTeam "Greece"]
[BlackTeam "Armenia"]
[WhiteFideId "4262875"]
[BlackFideId "13306553"]
[EventDate "2020.08.27"]
[EventType "team"]

1. d4 Nf6 2. c4 e6 3. g3 c5 4. Nf3 cxd4 5. Nxd4 Bb4+ 6. Nc3 O-O 7. Bg2 d5 8.
cxd5 Nxd5 9. Qb3 Qb6 10. Nc2 Bxc3+ 11. bxc3 Qxb3 12. axb3 Nxc3 13. Nb4 Nd7 14.
Bb2 Nb5 15. Nd3 Nf6 16. O-O Nd5 17. Nf4 Nxf4 18. gxf4 Bd7 19. Bxb7 Rab8 20. Bf3
Rbc8 21. Rfc1 Rxc1+ 22. Rxc1 Rc8 23. Rxc8+ Bxc8 24. Bc6 a6 25. f3 f6 26. Kf2 Kf7
27. Be4 h6 28. Bd3 Bb7 29. e4 Ke7 30. Ke3 Bc6 31. Bc4 Bb7 32. h4 Bc6 33. Bc1 Bd7
34. Bd2 h5 35. Bb4+ Ke8 36. Bc5 g6 37. Bb4 f5 38. Bc5 Kf7 39. Bf1 Bc6 40. Kd3
Ke8 41. Ke3 Kd7 42. Bc4 Bb7 43. Bxb5+ 1/2-1/2

[Event "Online Olym KO Stage 2020"]
[Site "chess.com INT"]
[Date "2020.08.27"]
[Round "1.31"]
[Board "6"]
[White "Sargsyan, Anna M."]
[Black "Avramidou, Anastasia"]
[Result "1-0"]
[WhiteTitle "WGM"]
[BlackTitle "FM"]
[WhiteElo "2402"]
[BlackElo "2267"]
[WhiteTeam "Armenia"]
[BlackTeam "Greece"]
[WhiteFideId "13308130"]
[BlackFideId "4239873"]
[EventDate "2020.08.27"]
[EventType "team"]

1. d4 Nf6 2. c4 g6 3. g3 Bg7 4. Bg2 d5 5. cxd5 Nxd5 6. e4 Nb6 7. Ne2 c5 8. d5 e6
9. Nbc3 O-O 10. O-O exd5 11. exd5 Bf5 12. Be3 Na6 13. b3 Qd7 14. Qd2 Rac8 15. a4
Nb4 16. a5 Na8 17. Rac1 b6 18. Nf4 Rfd8 19. Rfd1 bxa5 20. Ne4 Bxe4 21. Bxe4 Bf8
22. Bg2 Qd6 23. Ne2 Nb6 24. Nc3 c4 25. Ne4 Qb8 26. Bf4 Qb7 27. d6 Qa6 28. Qd4
Bg7 29. Nf6+ Kh8 30. Be5 Nc6 31. Qh4 h5 32. Bxc6 Rxc6 33. Nxh5 Bxe5 34. Qxd8+
Kh7 35. Qe8 gxh5 36. Qxf7+ Bg7 37. Qxh5+ Kg8 38. d7 Nxd7 39. Rxd7 Rd6 40. Qf7+ 1-0

[Event "Online Olym KO Stage 2020"]
[Site "chess.com INT"]
[Date "2020.08.27"]
[Round "1.32"]
[Board "1"]
[White "Aronian, Levon"]
[Black "Banikas, Hristos"]
[Result "1-0"]
[WhiteTitle "GM"]
[BlackTitle "GM"]
[WhiteElo "2773"]
[BlackElo "2601"]
[WhiteTeam "Armenia"]
[BlackTeam "Greece"]
[WhiteFideId "13300474"]
[BlackFideId "4202031"]
[EventDate "2020.08.27"]
[EventType "team"]

1. d4 Nf6 2. Nf3 g6 3. Nc3 d5 4. Bf4 Bg7 5. Nb5 Na6 6. e3 Nh5 7. Bg5 h6 8. Bh4
c6 9. Na3 Bg4 10. Be2 Nc7 11. c4 O-O 12. Qb3 Rb8 13. Rc1 g5 14. Bg3 Nxg3 15.
hxg3 Bxf3 16. gxf3 c5 17. cxd5 cxd4 18. e4 e6 19. Nb5 Nxb5 20. Bxb5 exd5 21.
exd5 Qb6 22. O-O Rfd8 23. Kg2 Qd6 24. Rfe1 Bf6 25. Qd3 Kg7 26. Bc4 Rbc8 27. Rcd1
Qb4 28. Bb3 a5 29. a3 Qb6 30. Re2 Qa6 31. Qd2 Qb5 32. Ba2 a4 33. Re4 Qc5 34. f4
Qc2 35. Rxd4 Qxd2 36. R4xd2 gxf4 37. gxf4 Rd6 38. Re1 Rb6 39. d6 Rd8 40. d7 Rxb2
41. Rxb2 Bxb2 42. Re7 Bxa3 43. Rxf7+ Kg6 44. Kg3 h5 45. f5+ Kh6 46. f4 Bc5 47.
Bb1 Rg8+ 48. Kh3 Bb6 49. Rf6+ 1-0

[Event "Online Olym KO Stage 2020"]
[Site "chess.com INT"]
[Date "2020.08.27"]
[Round "1.32"]
[Board "2"]
[White "Halkias, Stelios"]
[Black "Sargissian, Gabriel"]
[Result "1/2-1/2"]
[WhiteTitle "GM"]
[BlackTitle "GM"]
[WhiteElo "2563"]
[BlackElo "2682"]
[WhiteTeam "Greece"]
[BlackTeam "Armenia"]
[WhiteFideId "4201809"]
[BlackFideId "13300881"]
[EventDate "2020.08.27"]
[EventType "team"]

1. e4 e5 2. Nf3 Nc6 3. Bc4 Nf6 4. Ng5 d5 5. exd5 Na5 6. Bb5+ c6 7. dxc6 bxc6 8.
Be2 h6 9. Nh3 Bd6 10. d3 O-O 11. Nc3 Qe7 12. O-O Rd8 13. Qe1 c5 14. Bf3 Rb8 15.
Ne4 Bc7 16. Ng3 Qe6 17. Be3 Qd6 18. Kh1 Nc6 19. Ng1 Nd4 20. Qc1 Nd5 21. Ne4 Qe7
22. Nc3 Nxc3 23. bxc3 Nxf3 24. Nxf3 e4 25. dxe4 Bg4 26. Nd2 Qe5 27. f4 Qxc3 28.
Nb3 c4 29. Nc5 Bb6 30. h3 Bxc5 31. Bxc5 Be2 32. Re1 Rd2 33. Rb1 Rxb1 34. Qxb1
Rxc2 35. Bd4 Qd2 36. Be3 Qd3 37. Qb8+ Kh7 38. Qe5 Qxe3 39. Qf5+ Kg8 40. Qc8+ Kh7
41. Qf5+ Kg8 42. Qc8+ Kh7 43. Qf5+ 1/2-1/2

[Event "Online Olym KO Stage 2020"]
[Site "chess.com INT"]
[Date "2020.08.27"]
[Round "1.32"]
[Board "3"]
[White "Danielian, Elina"]
[Black "Tsolakidou, Stavroula"]
[Result "0-1"]
[WhiteTitle "GM"]
[BlackTitle "IM"]
[WhiteElo "2407"]
[BlackElo "2391"]
[WhiteTeam "Armenia"]
[BlackTeam "Greece"]
[WhiteFideId "13300210"]
[BlackFideId "4264312"]
[EventDate "2020.08.27"]
[EventType "team"]

1. d4 Nf6 2. Nf3 e6 3. e3 d5 4. c4 a6 5. Nbd2 c5 6. a3 cxd4 7. exd4 dxc4 8. Nxc4
Be7 9. Nce5 O-O 10. Bd3 b5 11. O-O Bb7 12. a4 b4 13. Bg5 Nbd7 14. Qe2 Nd5 15.
Bd2 N7f6 16. Rfe1 Qd6 17. a5 Rac8 18. Rac1 Rxc1 19. Rxc1 Bd8 20. Rc5 Be7 21. h3
Nd7 22. Rc1 N7f6 23. Ng5 h6 24. Ngf3 Rc8 25. Rxc8+ Bxc8 26. Bc2 Qc7 27. Nc4 Bd7
28. Nfe5 Bb5 29. Bd3 Qd8 30. Qe1 Qc7 31. Qe2 Qd8 32. Qe1 Qb8 33. Qc1 Bf8 34. Qe1
b3 35. Qd1 Be8 36. Qf3 Bb4 37. Bc1 Qc7 38. Qg3 Kf8 39. Bf1 Ba4 40. Be2 Bxa5 41.
Nxa5 Qxc1+ 42. Kh2 Qxb2 43. Bxa6 Qxd4 44. Nec6 Qf4 45. Qxf4 Nxf4 0-1

[Event "Online Olym KO Stage 2020"]
[Site "chess.com INT"]
[Date "2020.08.27"]
[Round "1.32"]
[Board "5"]
[White "Martirosyan, Haik M."]
[Black "Theodorou, Nikolas"]
[Result "1/2-1/2"]
[WhiteTitle "GM"]
[BlackTitle "IM"]
[WhiteElo "2622"]
[BlackElo "2554"]
[WhiteTeam "Armenia"]
[BlackTeam "Greece"]
[WhiteFideId "13306553"]
[BlackFideId "4262875"]
[EventDate "2020.08.27"]
[EventType "team"]

1. d4 Nf6 2. Bg5 d5 3. Nd2 c5 4. Bxf6 gxf6 5. dxc5 e6 6. Ngf3 Bxc5 7. e3 Nc6 8.
a3 O-O 9. c4 dxc4 10. Bxc4 a6 11. Rc1 Qe7 12. O-O Ba7 13. Ba2 Bd7 14. Bb1 Rad8
15. Qc2 f5 16. e4 Rc8 17. exf5 exf5 18. Qb3 Be6 19. Qa4 Rfd8 20. Qf4 Qf6 21. Ne4
Qxb2 22. Nd6 Rb8 23. Nxf5 Qf6 24. g3 Kh8 25. Be4 Bxf5 26. Qxf5 Qxf5 27. Bxf5 Kg7
28. Kg2 h6 29. Rc4 Rd6 30. Be4 Nd4 31. Rd1 Rbd8 32. Nh4 Kf6 33. Bxb7 Ne6 34.
Rxd6 Rxd6 35. Nf3 Rb6 36. Be4 Rb2 37. Bc2 Bc5 38. a4 Bb4 39. Rc6 Bc5 40. Ne1 a5
41. f4 Ke7 42. f5 Kd7 43. fxe6+ Kxc6 44. exf7 Kd7 45. Kh3 Ke7 46. Bg6 Rb6 47.
Bh5 Bd6 48. Nf3 Bb4 49. Ne5 Rf6 50. Kg4 Rf2 51. h4 Bc3 52. Nd3 Ra2 53. Kf5 Rxa4
54. Nf4 Rxf4+ 55. Kxf4 a4 56. Bd1 Kxf7 57. Bxa4 Kg7 1/2-1/2

[Event "Online Olym KO Stage 2020"]
[Site "chess.com INT"]
[Date "2020.08.27"]
[Round "1.32"]
[Board "6"]
[White "Avramidou, Anastasia"]
[Black "Sargsyan, Anna M."]
[Result "0-1"]
[WhiteTitle "FM"]
[BlackTitle "WGM"]
[WhiteElo "2267"]
[BlackElo "2402"]
[WhiteTeam "Greece"]
[BlackTeam "Armenia"]
[WhiteFideId "4239873"]
[BlackFideId "13308130"]
[EventDate "2020.08.27"]
[EventType "team"]

1. e4 c6 2. d4 d5 3. e5 Bf5 4. h4 h5 5. Bd3 Bxd3 6. Qxd3 e6 7. Bg5 Qb6 8. Nc3
Ne7 9. Nf3 Qa6 10. Qd2 Nf5 11. Ne2 c5 12. dxc5 Bxc5 13. b4 Be7 14. Bxe7 Nxe7 15.
a4 Qc4 16. Ra3 Qg4 17. Ng3 Nd7 18. Rd3 Nc6 19. c3 O-O 20. Qe2 Ndxe5 21. Rd1 Ng6
22. Kf1 e5 23. Rxd5 Nf4 24. Qc4 Nxd5 25. Qxd5 Rad8 26. Qb3 e4 27. Ne1 e3 28. Ne2
Rd2 29. f3 Qg6 30. c4 Rxe2 0-1

[Event "Online Olym KO Stage 2020"]
[Site "chess.com INT"]
[Date "2020.08.27"]
[Round "1.41"]
[Board "1"]
[White "Delchev, Aleksander"]
[Black "Duda, Jan-Krzysztof"]
[Result "0-1"]
[WhiteTitle "GM"]
[BlackTitle "GM"]
[WhiteElo "2550"]
[BlackElo "2753"]
[WhiteTeam "Bulgaria"]
[BlackTeam "Poland"]
[WhiteFideId "2900394"]
[BlackFideId "1170546"]
[EventDate "2020.08.27"]
[EventType "team"]

1. e4 e6 2. d4 d5 3. Nd2 c5 4. exd5 Qxd5 5. dxc5 Qxc5 6. Ngf3 Nf6 7. Bd3 Be7 8.
O-O O-O 9. Qe2 Nbd7 10. Ne4 Nxe4 11. Qxe4 Qh5 12. Bg5 Nf6 13. Qh4 Qxh4 14. Bxh4
b6 15. Ng5 h6 16. Ne4 g5 17. Bg3 Nd5 18. Bd6 Bxd6 19. Nxd6 Rd8 20. Nxc8 Raxc8
21. c3 Kg7 22. Rfd1 f5 23. Ba6 Rb8 24. Bc4 Nc7 25. a4 Kf6 26. Kf1 a5 27. Ke2 Ke7
28. Rxd8 Rxd8 29. Rd1 Rxd1 30. Kxd1 Kd6 31. Kd2 Ne8 32. Ba6 Nf6 33. f3 h5 34. g3
h4 35. gxh4 gxh4 36. Bc4 Ke5 37. Ke3 Nh5 38. b4 Nf4 39. Bb3 Ng6 40. Bc4 Ne7 41.
f4+ Kd6 42. bxa5 bxa5 43. Kd4 Ng6 44. Ke3 Nf8 45. Kd4 Nd7 46. Bb5 Nc5 47. Be8
Ne4 48. Bb5 Nf6 49. Bc4 Ng4 50. h3 Nf2 51. Bf1 Ne4 52. Bd3 Nf6 53. Bc4 Nd7 54.
Bb5 Nc5 55. Be8 Ne4 56. Bb5 Ng3 57. Bd3 Nh5 58. Ke3 Kc5 59. Bb1 Nf6 60. Ba2 Kd6
61. Kd4 Nh5 62. Ke3 e5 63. fxe5+ Kxe5 64. c4 Nf4 65. c5 Nxh3 66. c6 Kd6 67. Bd5
f4+ 0-1

[Event "Online Olym KO Stage 2020"]
[Site "chess.com INT"]
[Date "2020.08.27"]
[Round "1.41"]
[Board "2"]
[White "Wojtaszek, Radoslaw"]
[Black "Enchev, Ivajlo"]
[Result "1-0"]
[WhiteTitle "GM"]
[BlackTitle "GM"]
[WhiteElo "2717"]
[BlackElo "2491"]
[WhiteTeam "Poland"]
[BlackTeam "Bulgaria"]
[WhiteFideId "1118358"]
[BlackFideId "2907712"]
[EventDate "2020.08.27"]
[EventType "team"]

1. d4 Nf6 2. c4 e6 3. Nf3 d5 4. Nc3 a6 5. cxd5 exd5 6. Bg5 Be6 7. e3 Nbd7 8. Bd3
Bd6 9. h3 O-O 10. Qc2 h6 11. Bf4 Qe7 12. O-O Rfc8 13. Rac1 c5 14. Bxd6 Qxd6 15.
dxc5 Nxc5 16. Nd4 b5 17. Qe2 Qb6 18. Nb1 Rc7 19. Nd2 Rac8 20. N2b3 Nce4 21. Rxc7
Rxc7 22. Rc1 Nd6 23. Rxc7 Qxc7 24. Qc2 Qxc2 25. Bxc2 Nc4 26. Nc5 Bc8 27. b3 Nd6
28. Kf1 Kf8 29. Ke1 Nfe4 30. Nd3 Ke7 31. f3 Nf6 32. g4 g5 33. Kd2 Kd7 34. Kc3 a5
35. a3 Kc7 36. Ne5 Kb6 37. Bf5 Bxf5 38. Nxf5 Nxf5 39. gxf5 Kc5 40. b4+ axb4+ 41.
axb4+ Kd6 42. Nxf7+ 1-0